00456 2200193 4500001002100000005001500021035002000036245003100056100001500087250000600102856004500108260004100153082000800194084001400202600001000216990001200226990001200238990001200250INLIS00000000000173420250505105912 a0010-05250000261 aMeniti Kabut /cMade Mutha0 aMade Mutha a1 aRuang Baca Umum No Klas 800 ( Rak 3,4,5) aYogyakarta :bMita Gama Widya,c1995 a813 a813 MAD m 4aFiksi a00.0171 a00.0172 a00.0173